| 000 | 00543nam a22001817a 4500 | ||
|---|---|---|---|
| 003 | OSt | ||
| 005 | 20250729075210.0 | ||
| 008 | 250729b |||||||| |||| 00| 0 eng d | ||
| 020 | _a9789719655688 | ||
| 040 | _aPH-AMAU | ||
| 050 |
_aP 90 _bA54 2023 |
||
| 100 |
_aAng, Jaime Gutierrez _eauthor |
||
| 245 |
_aEnglish / purposive communication : _ba modular approach / _cJaime Gutierrez-Ang |
||
| 250 | _arev. ed. | ||
| 260 |
_aIntramuros, Manila : _bMindshapers Co., Inc., _c2023. |
||
| 650 |
_2Communication _aCommunication |
||
| 942 |
_2lcc _cBK _n0 |
||
| 999 |
_c23658 _d23658 |
||